| 000 | | | 03542nmc2a22002413x 450 |
| 001 | | | 2df3940f-7bd1-4aa2-ad8b-4cf3d1959ad4 |
| 005 | | | 20241225092056.0 |
| 100 | ## | $a | 20240826l18561857k l0rusy0189 ca |
| 101 | 0# | $a | rus |
| 102 | ## | $a | RU |
| 105 | ## | $a | y### |
| 122 | 2# | $a | d |
| 200 | 1# | $a | Дело о народном празднике, (имеющим быть) бывшем в Москве, по случаю священного коронования государя императора Александра II |
| | $j | 1 апреля 1856 г. - 22 марта 1857 г. |
| 215 | ## | $a | 104 л. |
| | $d | 36,5х26 см |
| 251 | ## | $c | Дело |
| 300 | ## | $a | Дело |
| 371 | ## | $a | Документ не является опубликованным и широко распространяемым |
| 461 | #0 | $1 | 00108cd6ec2-be9a-457f-a0b6-fa449e506316 |
| | $1 | 2001 |
| | $a | Канцелярия Министерства Императорского двора |
| | $1 | 251 |
| | $c | Фонд |
| | $1 | 852 |
| | $j | 472 |
| 462 | #0 | $1 | 0015265e818-b7f3-4da1-9e39-1aec072863ce |
| | $1 | 2001 |
| | $a | Канцелярия Министерства Императорского двора |
| | $1 | 251 |
| | $c | Опись |
| | $1 | 852 |
| | $j | 9 |
| 801 | #0 | $a | RU |
| | $b | РГИА |
| | $c | 20240826 |
| | $g | RCR |
| 801 | #1 | $a | RU |
| | $b | ГлавНИВЦ |
| | $c | 20240826 |
| | $2 | rusmarc |
| 801 | #2 | $a | RU |
| | $b | ПБ им. Б.Н. Ельцина |
| | $c | 20241225 |
| | $g | RCR |
| | $2 | rusmarc |
| 850 | ## | $a | РГИА |
| 852 | ## | $a | РГИА |
| | $e | Федеральное казенное учреждение "Российский государственный исторический архив" (РГИА) |
| | $j | 82 |
| 937 | ## | $h | РГИА |
| | $d | 12418572 |
| | $a | ASBIBLIO_SCAN |
| 035 | ## | $a | RusGRCC00081263 |
| 856 | ## | $u | http://readingroom.main.prlib.ru/item.aspx?id_node=n195656682&mode=full |